Deutsche Legionäre: Premier League - Statistiken

Allgemein
  • Dieses Quiz wurde 99 mal gespielt
  • Das Durchschnittsergebnis liegt bei 31 aus 87
Antwortstatistiken
Nr. Zeitraum Verein(e) Name % Korrekt
20. 2016 - 20232024 - 2025 Manchester City İlkay Gündoğan
93%
2. 2006 - 2010 FC Chelsea Michael Ballack
90%
41. 2018 - 20222022 - 2025 FC ArsenalFC Fulham Bernd Leno
87%
22. 2020 - 20232023 - 2025 FC ChelseaFC Arsenal Kai Havertz
85%
46. 2011 - 2018 FC Arsenal Per Mertesacker
85%
80. 2020 - 20222024 - 2025 FC ChelseaTottenham Hotspur Timo Werner
85%
52. 2013 - 2021 FC Arsenal Mesut Özil
84%
28. 2002 - 20062006 - 2009 2009 - 2015 2015 - 2018 FC ChelseaFC Middlesbrough Stoke City Leicester City Robert Huth
84%
82. 2025 FC Liverpool Florian Wirtz
83%
39. 2003 - 2008 FC Arsenal Jens Lehmann
83%
84. 2025 Newcastle United Nick Woltemade
83%
21. 1998 - 19991999 - 2006 2006 - 2009 Newcastle UnitedFC Liverpool Manchester City Dietmar Hamann
80%
68. 2015 - 2017 Manchester United Bastian Schweinsteiger
79%
18. 2017 - 2024 Brighton & Hove Albion Pascal Groß
79%
63. 2016 - 2020 Manchester City Leroy Sané
78%
15. 2024 - 2025 West Ham United Niclas Füllkrug
73%
64. 2023 - 2025 FC Brentford Kevin Schade
72%
54. 2012 - 2015 FC Arsenal Lukas Podolski
72%
36. 1994 - 19951998 Tottenham Hotspur Jürgen Klinsmann
70%
51. 2022 - 2025 Manchester City Stefan Ortega Moreno
68%
9. 2014 - 2018 FC Liverpool Emre Can
67%
61. 2017 - 2022 FC Chelsea Antonio Rüdiger
63%
17. 2012 - 20162015 - 2016 FC ArsenalWest Bromwich Albion Serge Gnabry
63%
48. 2016 - 2021 FC Arsenal Shkodran Mustafi
62%
6. 2010 - 2011 Manchester City Jérôme Boateng
60%
67. 2013 - 20152018 - 2019 FC ChelseaFC Fulham André Schürrle
57%
19. 2024 - 2025 Brighton & Hove Albion Brajan Gruda
57%
31. 2016 - 20222022 - 2024 FC LiverpoolNewcastle United Loris Karius
57%
4. 2022 - 2025 FC Southampton Armel Bella-Kotchap
50%
30. 2020 - 2025 FC Brentford Vitaly Janelt
50%
75. 2025 Newcastle United Malick Thiaw
48%
33. 2022 - 2024 West Ham United Thilo Kehrer
48%
25. 2001 - 20052010 - 2011 2012 - 2013 Aston VillaWest Ham United FC Everton Thomas Hitzlsperger
43%
44. 2012 - 2016 FC Chelsea Marko Marin
39%
72. 2025 Leeds United Anton Stach
38%
85. 1999 - 20002000 - 2001 2001 - 2004 FC MiddlesbroughFC Liverpool Tottenham Hotspur Christian Ziege
37%
26. 2013 - 20142014 Tottenham HotspurFC Fulham Lewis Holtby
34%
60 1994 - 19982000 - 2002 Manchester CityFC Southampton Uwe Rösler
34%
78. 2022 - 2023 Brighton & Hove Albion Deniz Undav
33%
49. 2017 - 20212025 Manchester CityLeeds United Lukas Nmecha
32%
1. 2000 - 20042003 - 2004 FC LiverpoolBlackburn Rovers Markus Babbel
30%
47. 2018 - 2021 Crystal Palace Max Meyer
29%
86. 2016 - 2017 Leicester City Ron-Robert Zieler
29%
37. 2020 - 2023 Leeds United Robin Koch
28%
5. 2023 - 2025 FC Burnley Jordan Beyer
23%
13. 1999 - 20032004 Tottenham HotspurLeicester City Steffen Freund
22%
59 2025 FC Everton Merlin Röhl
21%
57. 1997 - 1999 FC Liverpool Karl-Heinz Riedle
18%
79. 2003 - 2009 FC Fulham Moritz Volz
18%
65. 2016 - 2021 Huddersfield Town Christopher Schindler
16%
42. 2016 - 2019 Huddersfield Town Chris Löwe
15%
76. 2011 - 2017 Swansea City Gerhard Tremmel
13%
87. 2017 - 2022 Norwich City Christoph Zimmermann
12%
7. 2002 Bolton Wanderers Fredi Bobic
11%
74. 2003 - 2004 Manchester City Michael Tarnat
11%
24. 1999 - 2000 AFC Sunderland Thomas Helmer
11%
11. 2018 - 2019 Huddersfield Town Erik Durm
10%
73. 2017 - 2021 Norwich City Marco Stiepermann
10%
83. 2015 - 2017 Stoke City Philipp Wollscheid
10%
29. 1995 - 1997 Manchester City Eike Immel
9%
40. 2018 - 2021 Norwich City Moritz Leitner
9%
10. 1998 - 1999 FC Liverpool Sean Dundee
9%
23. 2016 - 2018 Huddersfield Town Michael Hefele
7%
58 2012 - 2014 FC Fulham Sascha Riether
7%
3. 1991 - 1994 Aston Villa Stefan Beinlich
7%
69. 2024 - 2025 Nottingham Forest Eric da Silva Moreira
6%
43. 1999 - 2001 FC Arsenal Stefan Malz
6%
66. 1998 - 2000 Derby County Stefan Schnoor
6%
77. 2017 - 2021 Norwich City Tom Trybull
6%
27. 2015 - 2018 Brighton & Hove Albion Uwe Hünemeier
6%
56. 2017 - 2021 Huddersfield Town Collin Quaner
5%
8. 1991 - 1994 Aston Villa Matthias Breitkreutz
5%
16. 1995 Manchester City Maurizio Gaudino
5%
14. 1996 - 1997 Manchester City Michael Frontzeck
5%
55. 2012 - 2014 Hull City Nick Proschwitz
5%
81. 2007 - 2008 FC Everton Stefan Wessels
5%
35. 2016 - 2017 AFC Sunderland Jan Kirchhoff
4%
38. 1997 - 1999 FC Barnsley Lars Leese
4%
62. 2020 - 2022 Norwich City Lukas Rupp
4%
12. 2019 - 2020 Norwich City Ralf Fährmann
4%
50. 2009 West Ham United Savio Nsereko
4%
70. 2010 FC Portsmouth Lennard Sowah
2%
53. 2005 - 2008 Blackburn Rovers Sergio Peter
2%
32. 1994 Manchester City Steffen Karl
2%
45. 1997 - 2002 FC Arsenal Alberto Méndez
1%
71. 2018 - 2019 Norwich City Dennis Srbeny
1%
34. 2021 - 2023 Brighton & Hove Albion Reda Khadra
1%
Keine übereinstimmenden Quizze gefunden
Verteilung der Resultate
Anzahl Personen mit jedem Resultat
Perzentil nach korrekt beantworteten Fragen
Ihre Resultats-Entwicklung
Sie haben dieses Quiz noch nicht gespielt